Press freedom: constitutional right or cultural assumption? (Record no. 82480)

000 -LEADER
fixed length control field 00394pab a2200157 454500
008 - FIXED-LENGTH DATA ELEMENTS--GENERAL INFORMATION
fixed length control field 180718b2008 xxu||||| |||| 00| 0 eng d
100 ## - MAIN ENTRY--PERSONAL NAME
Personal name Low's Blom-Cooper C.
245 ## - TITLE STATEMENT
Title Press freedom: constitutional right or cultural assumption?
260 ## - PUBLICATION, DISTRIBUTION, ETC.
Date of publication, distribution, etc. 2008
300 ## - PHYSICAL DESCRIPTION
Extent p.260-76.
362 ## - DATES OF PUBLICATION AND/OR SEQUENTIAL DESIGNATION
Dates of publication and/or sequential designation Summer
650 ## - SUBJECT ADDED ENTRY--TOPICAL TERM
Topical term or geographic name entry element Freedom of the press
773 ## - HOST ITEM ENTRY
Main entry heading Public Law
908 ## - PUT COMMAND PARAMETER (RLIN)
Put command parameter N
909 ## -
-- 82480
Holdings
Withdrawn status Lost status Damaged status Not for loan Permanent Location Current Location Date acquired Barcode Date last seen Price effective from Koha item type
        Indian Institute of Public Administration Indian Institute of Public Administration 2018-07-19 AR82940 2018-07-19 2018-07-19 Articles

Powered by Koha